Progresívne metódy merania prvkov hydrologickej bilancie v malom povodí

Gespeichert in:
Bibliographische Detailangaben
1. Verfasser: Brziak, Adam (Verfasst von)
Weitere Verfasser: Danáčová, Michaela (Betreuung Doktorarbeit)
Format: Manuskript Buch
Sprache:Slowakisch
Veröffentlicht: 2016
Schlagworte:
Online-Zugang:http://is.stuba.sk/zp/portal_zp.pl?podrobnosti=128690
https://opac.crzp.sk/?fn=detailBiblioForm&sid=B0ECE52FE577B8B958C366E96922
Tags: Tag hinzufügen
Keine Tags, Fügen Sie das erste Tag hinzu!

MARC

LEADER 00000ntm a22000003a 4500
001 stuzp56951
003 SK-STU
005 20230615152610.2
007 ta
008 150427s2015----xo-----f-mn---000-0-slo-d
040 |a STU  |b slo 
041 0 |a slo 
100 1 |a Brziak, Adam  |u 010160  |4 aut  |U SvF Stavebná fakulta  |T SvF Katedra vodného hospodárstva krajiny  |X 62727  |U V160  |Y 16  |7 62727 
242 0 1 |a Progressive methods for measuring hydrologic elements in small river basin  |y eng 
245 1 0 |a Progresívne metódy merania prvkov hydrologickej bilancie v malom povodí 
260 |c 2016 
650 4 |a prietok  |2 slo 
650 4 |a vodná hodnota snehu  |2 slo 
650 4 |a zrážky  |2 slo 
650 4 |a Jalovecký potok  |2 slo 
650 4 |a meranie  |2 slo 
650 4 |a flow  |2 eng 
650 4 |a rainfall  |2 eng 
650 4 |a Jalovecký creek  |2 eng 
650 4 |a snow water equivalent  |2 eng 
650 4 |a measurements  |2 eng 
700 1 |a Danáčová, Michaela  |u 010160  |k Z2  |4 ths  |U SvF Stavebná fakulta  |T SvF Katedra vodného hospodárstva krajiny  |X 10113  |U V160  |Y 16  |7 A000010113 
856 4 |u http://is.stuba.sk/zp/portal_zp.pl?podrobnosti=128690 
856 4 |u https://opac.crzp.sk/?fn=detailBiblioForm&sid=B0ECE52FE577B8B958C366E96922 
SQL |a stuzp56951  |b DBP  |c SLO  |d Progresívne metódy merania prvkov hydrologickej bilancie v malom povodí  |e 62727  |f Brziak, Adam  |g 010160  |h 10113  |i Danáčová, Michaela  |j 20160621  |k 7  |l 01  |m http://is.stuba.sk/zp/portal_zp.pl?podrobnosti=128690  |n B-VSH  |o 5.1.6. vodné stavby, 6.4.1. vodné hospodárstvo